000 00682nam a2200229 i 4500
001 C2-0227209
003 PPAK
005 20180728154715.0
008 000713s xx |||| ||||| | may d
040 _aPPAK
_beng
_cPPAK
_erda
082 0 4 _a899.23
_223
090 0 0 _a899.23
_bMUS
_dKSA
100 0 _aMustafa Mohd Isa,
_eauthor
245 1 0 _aDari univeriti ke universiti
264 1 _a[place of publication not identified] :
_b[publisher not identified] ,
_c[date of publication not identified]
300 _a85 pages ;
_c28 cm
336 _2rdacontent
_atext
337 _2rdamedia
_aunmediated
338 _2rdacarrier
_avolume
650 1 0 _aMalay fiction
942 _ddc
_cB
999 _c147338
_d147338